Stany i terytoria Australii według skrótów - Statystyki

Ogólne statystyki
  • Ten quiz został rozwiązany 23 razy
  • Średni wynik to 5 z 8
Odpowiedzi na mapie
Odpowiedzi zakodowano w zielono-czerwonej skali na mapie do tego quizu, zgodnie z poniższymi procentami.
 
Statystyki odpowiedzi
Sktót Stan lub terytorium % Poprawnych
TAS Tasmania
83%
NSW Nowa Południowa Walia
78%
SA Australia Południowa
78%
WA Australia Zachodnia
78%
NT Terytorium Północne
72%
VIC Wiktoria
67%
QLD Queensland
28%
ACT Australijskie Terytorium Stołeczne
17%
Nie znaleziono quizów pasujących do podanych kryteriów
Rozkład punktacji
Procent ludzi z każdym wynikiem
Percentyl według liczby udzielonych odpowiedzi
Twoja historia wyników
Nie rozwiązałeś tego quizu